00587nam a22001817a 4500003000500000005001700005008004100022040001300063082000800076100002400084245008300108260002600191300001700217526003500234650003700269700004100306856005800347Nust20241210112534.0170216b xxu||||| |||| 00| 0 eng d cNust-MCE a200 aEngr Mansoor Afzal  aGuidelines for utilization of skilled volunteers in flood/cEngr Mansoor Afzal aRisalpur,bMCE,c2014 a71p.b35,cm. aMS-Water Resource Engineering  aMS-Water Resource Engineeringx  aSupervisor: Lt Col Dr. Hassan Farooq u http://10.250.8.41:8080/xmlui/handle/123456789/41092